| 000 | 00870cam a22002773a 4500 | ||
|---|---|---|---|
| 001 | 13384 | ||
| 003 | PGUSA | ||
| 005 | 20140828083304.0 | ||
| 008 | 040906s2004||||xxu|||||s|||||000 1 eng d | ||
| 040 |
_aPGUSA _beng |
||
| 042 | _adc | ||
| 050 | 4 | _aPS | |
| 100 | 1 |
_aHough, Emerson, _d1857-1923 |
|
| 245 | 1 | 4 |
_aThe Covered Wagon _h[electronic resource] / _cEmerson Hough |
| 260 |
_bProject Gutenberg, _c2004 |
||
| 506 | _aPublic domain in the USA. | ||
| 516 | _aElectronic text | ||
| 653 | _aOregon National Historic Trail -- Fiction | ||
| 653 | _aOverland journeys to the Pacific -- Fiction | ||
| 653 | _aWagon trains -- Fiction | ||
| 653 | _aFrontier and pioneer life -- West (U.S.) -- Fiction | ||
| 653 | _aCalifornia -- Gold discoveries -- Fiction | ||
| 830 | 0 |
_aProject Gutenberg _v13384 |
|
| 856 | 4 | 0 | _uhttp://www.gutenberg.org/ebooks/13384 |
| 942 | _cEB | ||
| 999 |
_c242639 _d242639 |
||